000 00542nam a2200193 a 4500
005 20210223124206.0
008 010615s1992 mx r 000 0 spa d
020 _a9501108872
035 _aUPN01000108429
049 _aI
050 4 _aQB65
_bN5.28
100 1 _aNicolson, Lain
245 1 0 _aAtlas del espacio /
_cLain Nicolson ; tr. Elida Marta Colema.
260 _aBuenos Aires :
_bPatria,
_c1992.
300 _a64 p. :
_bil.
440 0 _aAtlas del saber
650 4 _aASTRONOMIA -
_xCARTAS, DIAGRAMAS, ETC.
_98476
905 _aInfantil
999 _c82341
_d82341